00668nam a2200241 a 4500001001300000003000900013005001700022008004100039020001000080082001600090100002600106245002200132260004500154300000800199500003500207505001700242650001400259700002600273902000800299942000700307952009700314999001500411nice12345678IN_TiNIC20260116012159.0050524s1920 boma grp 000 0 urd  ac10000a297.65bSHE aSherkoti, Mazharuddin aRumooz-E-Khilafat aBombaybMarkazi Khilafat Committeec1920 a53p aincludes index and biblioraphy2 aBibliography aCaliphate1 aSherkoti, Mazharuddin bSRS cBK 00104070aHMIbHMId2007-07-10g100.00l0o297.65 SHEp06349r2007-07-10w2026-01-16yARB c5964d5964